[Event "Malaga op-13"]
[Site "Malaga"]
[Date "2010.02.25"]
[Round "7.3"]
[White "Strikovic, Aleksa"]
[Black "Recuero Guerra, David"]
[Result "1/2-1/2"]
[WhiteElo "2531"]
[BlackElo "2480"]
[PlyCount "106"]
[EventDate "2010.02.20"]

1. c4 Nf6 2. Nc3 e5 3. Nf3 Nc6 4. g3 Bb4 5. Bg2 O-O 6. O-O e4 7. Ne1 Bxc3 8.
dxc3 h6 9. Nc2 d6 10. Ne3 Re8 11. f4 exf3 12. exf3 Bd7 13. f4 Qc8 14. Re1 Ne7
15. Qd3 Bc6 16. Bxc6 Nxc6 17. Bd2 Qh3 18. Re2 Ne7 19. Rae1 b6 20. b4 Qd7 21. b5
a6 22. Bc1 Ng6 23. a4 Nf8 24. f5 N8h7 25. c5 bxc5 26. c4 a5 27. Ba3 Ng5 28. Kg2
c6 29. Bb2 cxb5 30. Bxf6 bxc4 31. Qd5 gxf6 32. h4 Nh7 33. Nxc4 Rxe2+ 34. Rxe2
Rc8 35. Nxd6 Qc6 36. Re8+ Kg7 37. Qxc6 Rxc6 38. Nc4 Rc7 39. Rd8 h5 40. Kf3 Nf8
41. Nd6 Re7 42. Ne8+ Kh6 43. Rc8 Rd7 44. Ke4 Rd1 45. Ke3 Nd7 46. Rxc5 Rg1 47.
Rd5 Rxg3+ 48. Kf2 Rg8 49. Rxd7 Rxe8 50. Rxf7 Re5 51. Rxf6+ Kg7 52. Rg6+ Kf7 53.
Rg5 Kf6 1/2-1/2

[Event "Malaga op-13"]
[Site "Malaga"]
[Date "2010.02.25"]
[Round "7.5"]
[White "Paunovic, Dragan"]
[Black "Spence, David J"]
[Result "1-0"]
[WhiteElo "2551"]
[BlackElo "2268"]
[PlyCount "97"]
[EventDate "2010.02.20"]

1. Nf3 Nf6 2. g3 e6 3. Bg2 d5 4. O-O Be7 5. c4 O-O 6. d4 dxc4 7. Qc2 a6 8. Qxc4
b5 9. Qc2 Bb7 10. Bf4 Nc6 11. Nbd2 Rc8 12. Nb3 Nb4 13. Qc1 Nbd5 14. Nc5 Nxf4
15. Qxf4 Bxc5 16. dxc5 Qe7 17. Rac1 Bd5 18. Ne5 Bxg2 19. Kxg2 Nd5 20. Qf3 c6
21. e4 Qf6 22. Nxc6 Rxc6 23. exd5 Qxf3+ 24. Kxf3 exd5 25. Ke3 Rd8 26. Kd4 f6
27. Rfe1 Kf7 28. Re3 Rd7 29. b4 Rd8 30. Rce1 Rd7 31. Ra3 g5 32. g4 Kg6 33. Rae3
Kf7 34. Rf3 a5 35. bxa5 Rdc7 36. Rc1 Ra6 37. c6 Ke6 38. Ra3 b4 39. Ra4 Kd6 40.
Rc5 Raxc6 41. Rxc6+ Kxc6 42. Rxb4 Ra7 43. Rb6+ Kc7 44. Rb5 Kc6 45. Rc5+ Kb7 46.
Kxd5 Ra8 47. Ke6 Ra6+ 48. Kf7 Rd6 49. Rf5 1-0

[Event "Malaga op-13"]
[Site "Malaga"]
[Date "2010.02.25"]
[Round "7.7"]
[White "Munoz Moreno, Francisco Javier"]
[Black "Korneev, Oleg"]
[Result "1-0"]
[WhiteElo "2295"]
[BlackElo "2573"]
[PlyCount "81"]
[EventDate "2010.02.20"]

1. d4 d5 2. c4 e6 3. Nc3 c6 4. cxd5 exd5 5. Nf3 Nf6 6. Bg5 Be7 7. e3 Bf5 8. Bd3
Bxd3 9. Qxd3 Nbd7 10. O-O O-O 11. Rab1 a5 12. a3 Re8 13. Rfe1 Ne4 14. Bxe7 Qxe7
15. Nd2 f5 16. f3 Nxd2 17. Qxd2 Qg5 18. Re2 Re6 19. Rbe1 Rae8 20. Nd1 a4 21.
Nf2 b5 22. Nd3 Rh6 23. g3 Qh5 24. Rf1 Nb6 25. Ne5 Nc4 26. Nxc4 bxc4 27. Qc2
Rhe6 28. Qxa4 h6 29. Qc2 Rxe3 30. Rxe3 Rxe3 31. a4 Rxf3 32. Rxf3 Qxf3 33. a5 f4
34. gxf4 Qg4+ 35. Kf1 Qxf4+ 36. Kg2 Qg4+ 37. Kf1 Qf4+ 38. Kg2 Qxd4 39. Qc3 Qe4+
40. Kg3 d4 41. Qxc4+ 1-0

[Event "Malaga op-13"]
[Site "Malaga"]
[Date "2010.02.25"]
[Round "7.8"]
[White "Nava Baro, Enrique"]
[Black "Colovic, Aleksander"]
[Result "1-0"]
[WhiteElo "2208"]
[BlackElo "2464"]
[PlyCount "89"]
[EventDate "2010.02.20"]

1. e4 c5 2. Nf3 e6 3. c3 d5 4. e5 Nc6 5. d4 Qb6 6. Be2 Nge7 7. dxc5 Qxc5 8. b4
Qb6 9. b5 Na5 10. Be3 Qc7 11. O-O Ng6 12. Bd4 Nf4 13. Nbd2 Bd7 14. Rb1 b6 15.
Re1 Nxe2+ 16. Qxe2 Be7 17. Qd3 Rc8 18. h4 h6 19. h5 Nc4 20. a4 Qb7 21. Rb3 Rc7
22. Ra1 O-O 23. Qe2 Ra8 24. Nxc4 dxc4 25. Rb2 a6 26. bxa6 Rxa6 27. a5 b5 28.
Bb6 Rc8 29. Nd4 b4 30. cxb4 c3 31. Rb3 {#} Rxb6 32. axb6 Qxb6 33. Nc2 Bb5 34.
Qe3 Qc6 35. Raa3 Bg5 36. f4 Qd5 37. Rxc3 Rxc3 38. Rxc3 Be7 39. Rc8+ Kh7 40. Qd4
Qb7 41. Rc3 Bc6 42. Ne3 f5 43. Qc4 Be4 44. Qxe6 Bxb4 45. Rc8 1-0

[Event "Malaga op-13"]
[Site "Malaga"]
[Date "2010.02.25"]
[Round "7.9"]
[White "Arribas Lopez, Angel"]
[Black "Picazo Lopez, Juan Antonio"]
[Result "1-0"]
[WhiteElo "2441"]
[BlackElo "2269"]
[PlyCount "47"]
[EventDate "2010.02.20"]

1. e4 d5 2. exd5 Nf6 3. d4 Nxd5 4. Nf3 g6 5. c4 Nb6 6. Nc3 Bg7 7. c5 Nd5 8. Bc4
Nxc3 9. bxc3 O-O 10. O-O Nc6 11. Bg5 Na5 12. Bd3 f6 13. Bd2 Be6 14. Qa4 b6 15.
c4 Bd7 16. Qa3 Bg4 17. Be4 Rb8 18. Bxa5 bxa5 19. Qxa5 Bxf3 20. Bxf3 Qxd4 21.
Rad1 Qf4 22. Rd7 f5 23. Rxe7 Rbe8 24. Qxc7 1-0

[Event "Malaga op-13"]
[Site "Malaga"]
[Date "2010.02.25"]
[Round "7.10"]
[White "Charleshouse, Glenn L"]
[Black "Bellon Lopez, Juan Manuel"]
[Result "0-1"]
[WhiteElo "2203"]
[BlackElo "2440"]
[PlyCount "86"]
[EventDate "2010.02.20"]

1. e4 c5 2. Nf3 Nc6 3. d3 g6 4. g3 Bg7 5. Bg2 d6 6. O-O e5 7. c3 Nge7 8. a3 O-O
9. b4 b6 10. b5 Nb8 11. a4 a6 12. Na3 axb5 13. axb5 d5 14. c4 dxc4 15. dxc4 Be6
16. Bb2 f6 17. Qb3 Nc8 18. Rfd1 Qc7 19. Nd2 Nd6 20. Nf1 Bh6 21. f4 Nb7 22. f5
Bf7 23. fxg6 hxg6 24. Bc1 Bxc1 25. Raxc1 Rd8 26. Ne3 Na5 27. Qc3 Rd4 28. Rf1
Nd7 29. Bh3 Kg7 30. Nd5 Bxd5 31. exd5 f5 32. Bxf5 gxf5 33. Rxf5 Rf8 34. Qf3
Rxf5 35. Qxf5 Nf6 36. Rf1 Qf7 37. Nc2 Nxc4 38. Nxd4 exd4 39. Re1 Ne3 40. Qg5+
Qg6 41. Qe5 Qc2 42. Rxe3 dxe3 43. Qxe3 Qa4 0-1

[Event "Malaga op-13"]
[Site "Malaga"]
[Date "2010.02.25"]
[Round "7.11"]
[White "Ivanov, Jordan"]
[Black "Jimenez Martinez, Jose Vicente"]
[Result "1-0"]
[WhiteElo "2409"]
[BlackElo "2241"]
[PlyCount "81"]
[EventDate "2010.02.20"]

1. d4 g6 2. c4 Bg7 3. e4 d6 4. Nc3 Nf6 5. Nf3 O-O 6. h3 e5 7. d5 a5 8. Bg5 Qe8
9. g4 Nfd7 10. Be2 Nc5 11. Nd2 f5 12. Nb3 Na4 13. Nb5 Qd7 14. gxf5 gxf5 15. Qd2
Na6 16. Rg1 Kh8 17. O-O-O N4c5 18. Nxc5 Nxc5 19. Bh6 Rg8 20. exf5 Qf7 21. Bxg7+
Rxg7 22. Qh6 Bxf5 23. Rxg7 Qxg7 24. Qxg7+ Kxg7 25. Nxc7 Rf8 26. Rg1+ Kh6 27.
Kd2 Bg6 28. Ke3 Rf6 29. b3 Rf4 30. Nb5 Rf6 31. h4 Be8 32. Nc7 Bg6 33. h5 Bf7
34. Rg3 b6 35. Bg4 Kg7 36. Na8 b5 37. cxb5 Kf8 38. Rf3 Rxf3+ 39. Bxf3 Be8 40.
Nc7 Bd7 41. h6 1-0

[Event "Malaga op-13"]
[Site "Malaga"]
[Date "2010.02.25"]
[Round "7.12"]
[White "Gutierrez Castillo, Paloma"]
[Black "Rodriguez Lopez, Rafael"]
[Result "0-1"]
[WhiteElo "2161"]
[BlackElo "2314"]
[PlyCount "62"]
[EventDate "2010.02.20"]

1. e4 c6 2. d4 d5 3. f3 e6 4. Nc3 Bb4 5. a3 Bxc3+ 6. bxc3 dxe4 7. Qe2 exf3 8.
Nxf3 Nf6 9. Qe3 O-O 10. Bd3 c5 11. O-O Nbd7 12. Ne5 Nd5 13. Qh3 f5 14. g4 Nxe5
15. dxe5 c4 16. Bxc4 Qb6+ 17. Kh1 Qc6 18. Bxd5 Qxd5+ 19. Qf3 Qxe5 20. Bf4 fxg4
21. Qg3 Qe4+ 22. Kg1 Bd7 23. Rae1 Qg6 24. Bd6 Rxf1+ 25. Rxf1 Bc6 26. Qf2 h6 27.
Re1 Rd8 28. Bb4 Kh7 29. c4 Rd7 30. Bc3 Rf7 31. Qe2 g3 0-1

[Event "Malaga op-13"]
[Site "Malaga"]
[Date "2010.02.25"]
[Round "7.14"]
[White "Camacho Collados, Marcos"]
[Black "Anaya Lopez, Victor Jose"]
[Result "1-0"]
[WhiteElo "2284"]
[BlackElo "2157"]
[PlyCount "105"]
[EventDate "2010.02.20"]

1. e4 c5 2. d3 Nc6 3. Nf3 e6 4. g3 d5 5. Nbd2 Bd6 6. Bg2 Nge7 7. O-O O-O 8. a4
b6 9. Re1 Qc7 10. Nh4 f6 11. f4 Bd7 12. Nf1 Rad8 13. Ne3 d4 14. Nc4 Qb8 15. Qe2
Bc7 16. e5 f5 17. g4 fxg4 18. Qxg4 Rde8 19. Nd2 Nf5 20. Ne4 Nxh4 21. Qxh4 Ne7
22. Qg4 Kh8 23. Ng5 Nf5 24. Kh1 Re7 25. Be4 a5 26. Nxh7 Kxh7 27. Bxf5+ Rxf5 28.
Qh4+ Kg8 29. Qxe7 Bc6+ 30. Kg1 Bd5 31. Bd2 Bd8 32. Qe8+ Kh7 33. Re2 Qc7 34. h4
Be7 35. h5 Qb7 36. Qg6+ Kg8 37. h6 Bf8 38. Rh2 Qf7 39. Qxf7+ Rxf7 40. hxg7 Bxg7
41. Re1 Bc6 42. b3 Bf8 43. Kf2 Be7 44. Rg1+ Rg7 45. Rxg7+ Kxg7 46. Kg3 Be8 47.
Kf3 Bg6 48. Be1 Bf5 49. Bh4 Bxh4 50. Rxh4 Kg8 51. Rh6 Kg7 52. Rf6 Kg8 53. Kg3
1-0

[Event "Malaga op-13"]
[Site "Malaga"]
[Date "2010.02.25"]
[Round "7.16"]
[White "Ramos Moreno, Francisco Jose"]
[Black "Gavilan Diaz, Mario"]
[Result "1-0"]
[WhiteElo "2132"]
[BlackElo "2278"]
[PlyCount "93"]
[EventDate "2010.02.20"]

1. b4 e5 2. Bb2 Bxb4 3. Bxe5 Nf6 4. c4 Nc6 5. Bb2 O-O 6. e3 d5 7. cxd5 Nxd5 8.
Nf3 Bf5 9. Be2 Re8 10. O-O Qd7 11. a3 Bf8 12. d4 a5 13. Bb5 Rad8 14. Nbd2 Qc8
15. Nc4 Qa8 16. Qd2 Nb6 17. Nxb6 cxb6 18. Rfc1 Be4 19. Ng5 Rd5 20. Nxe4 Rxb5
21. Nc3 Rh5 22. Qe2 g6 23. Qf3 Qb8 24. g3 Bg7 25. Na4 Qd8 26. Rcb1 Bf8 27. Rd1
b5 28. Nc5 Qe7 29. Rac1 Rc8 30. e4 Bg7 31. e5 Rf5 32. Qe3 f6 33. f4 fxe5 34.
dxe5 Rd8 35. Qb3+ Kh8 36. Qxb5 g5 37. Nxb7 Rxd1+ 38. Rxd1 Nb8 39. Rd8+ Rf8 40.
Rxf8+ Qxf8 41. Nd6 gxf4 42. gxf4 h6 43. f5 Kh7 44. f6 Bxf6 45. Qd3+ Kg8 46.
exf6 Qd8 47. Qg6+ 1-0

[Event "Malaga op-13"]
[Site "Malaga"]
[Date "2010.02.25"]
[Round "7.18"]
[White "Serna Lara, Sergio"]
[Black "Aranaz Murillo, Amalia"]
[Result "1/2-1/2"]
[WhiteElo "2263"]
[BlackElo "2057"]
[PlyCount "108"]
[EventDate "2010.02.20"]

1. d4 d5 2. c4 c6 3. Nc3 Nf6 4. Nf3 a6 5. a4 e6 6. g3 dxc4 7. Bg2 Nd5 8. Ne5
Bb4 9. Bd2 Bxc3 10. bxc3 b5 11. e4 Nf6 12. O-O O-O 13. Qe2 Bb7 14. Rfb1 Qc8 15.
Bc1 Nbd7 16. Ba3 Re8 17. f4 Nb6 18. Bc5 Nfd7 19. Qb2 Qc7 20. a5 Na4 21. Rxa4
Nxc5 22. dxc5 bxa4 23. Nxc4 Bc8 24. Qb6 Re7 25. e5 Ra7 26. Nd6 h6 27. Bxc6 g5
28. Ne8 Rxe8 29. Bxe8 Qe7 30. Bc6 Rc7 31. Ra1 gxf4 32. gxf4 Bb7 33. Bxb7 Rxb7
34. Qd6 Qh4 35. Qd2 Qg4+ 36. Qg2 Qxg2+ 37. Kxg2 Rb3 38. Rc1 Rb5 39. c4 Rxc5 40.
Kf3 a3 41. Ke4 a2 42. Kd4 Rxa5 43. Ra1 Kf8 44. Kc3 Ra3+ 45. Kb4 Rf3 46. Rxa2
Rxf4 47. Rxa6 Re4 48. Ra8+ Ke7 49. Ra7+ Ke8 50. Kc5 h5 51. Kd6 Rd4+ 52. Kc5 Re4
53. Ra4 Ke7 54. Ra7+ Ke8 {=} 1/2-1/2

[Event "Malaga op-13"]
[Site "Malaga"]
[Date "2010.02.25"]
[Round "7.19"]
[White "Ruiz Gutierrez, Manuel"]
[Black "Ladron De Guevara Pinto, Paolo"]
[Result "1-0"]
[WhiteElo "2226"]
[BlackElo "2079"]
[PlyCount "51"]
[EventDate "2010.02.20"]

1. Nf3 c5 2. e4 d6 3. d4 cxd4 4. Nxd4 Nf6 5. Nc3 Nc6 6. Be2 e5 7. Nb3 Be7 8.
O-O O-O 9. f4 a6 10. Kh1 b5 11. a3 Bb7 12. Bf3 Qc7 13. Nd5 Nxd5 14. exd5 Nd8
15. f5 a5 16. Be4 Bc8 17. f6 Bxf6 18. Rxf6 a4 19. Qh5 g6 20. Qh6 axb3 21. cxb3
Nb7 22. b4 Qc4 23. Qh4 Bd7 24. Bh6 Rfc8 25. Rxg6+ fxg6 26. Qe7 1-0

[Event "Malaga op-13"]
[Site "Malaga"]
[Date "2010.02.25"]
[Round "7.20"]
[White "Fomani, Mehdi"]
[Black "Fernandez Garcia, Jose Miguel"]
[Result "0-1"]
[WhiteElo "2029"]
[BlackElo "2225"]
[PlyCount "76"]
[EventDate "2010.02.20"]

1. d4 Nf6 2. Bg5 e6 3. e4 c5 4. e5 h6 5. Bc1 Nh7 6. c3 Nc6 7. Nf3 Ng5 8. Nbd2
cxd4 9. Nxd4 Be7 10. f4 Nh7 11. Bd3 Nxd4 12. cxd4 d6 13. Bxh7 Rxh7 14. O-O Bd7
15. Nf3 Bc6 16. Qd3 g6 17. Be3 Qa5 18. a4 Qd5 19. Rf2 Rg7 20. Qd2 f6 21. b4 a6
22. a5 O-O-O 23. Rc1 Kb8 24. Qb2 g5 25. fxg5 hxg5 26. Re1 Ka8 27. Ree2 Rh8 28.
Nd2 Rgh7 29. Nf1 f5 30. Rc2 f4 31. Bc1 Bb5 32. Rce2 Bf8 33. Rf3 Bxe2 34. Qxe2
dxe5 35. dxe5 Bxb4 36. Rd3 Qc5+ 37. Kh1 Qxc1 38. Rd1 Qc6 0-1

[Event "Malaga op-13"]
[Site "Malaga"]
[Date "2010.02.25"]
[Round "7.21"]
[White "Ramos Cantos, Juan Jesus"]
[Black "Cuenca Jimenez, Francisco Javie"]
[Result "0-1"]
[WhiteElo "1921"]
[BlackElo "2205"]
[PlyCount "70"]
[EventDate "2010.02.20"]

1. e4 d5 2. exd5 Nf6 3. Nf3 Qxd5 4. Nc3 Qd8 5. Bc4 e6 6. O-O Be7 7. d4 Nbd7 8.
Be3 Nb6 9. Bd3 Nbd5 10. Nxd5 exd5 11. Ne5 O-O 12. f4 Ne4 13. Bxe4 dxe4 14. c3
c6 15. f5 f6 16. Qb3+ Qd5 17. c4 Qd6 18. c5+ Qd5 19. Nc4 Kh8 20. Nd2 g6 21. g4
Rd8 22. Rf4 gxf5 23. gxf5 Bxf5 24. Qxb7 Rg8+ 25. Kf2 Rae8 26. Qc7 Bg6 27. b3 f5
28. Rd1 Bg5 29. Nc4 Bh5 30. Rd2 Bg4 31. Ne5 Re7 32. Qxc6 Rxe5 33. Qc7 Bxf4 34.
dxe5 Bxe3+ 35. Kxe3 f4+ 0-1

[Event "Malaga op-13"]
[Site "Malaga"]
[Date "2010.02.25"]
[Round "7.22"]
[White "Picasso Gallego, Nicolas"]
[Black "Walton, Alan J"]
[Result "0-1"]
[WhiteElo "1974"]
[BlackElo "2137"]
[PlyCount "96"]
[EventDate "2010.02.20"]

1. d4 e6 2. c4 f5 3. Nf3 Nf6 4. Nc3 Be7 5. g3 O-O 6. Bg2 d6 7. O-O Ne4 8. Nd2
Nxc3 9. bxc3 e5 10. Qb3 Nc6 11. c5+ Kh8 12. cxd6 cxd6 13. Bb2 Qc7 14. e3 Bd7
15. c4 Bf6 16. d5 Na5 17. Qb4 b6 18. Rac1 Nb7 19. e4 Nc5 20. Qa3 Bg5 21. f4 Bh6
22. Rce1 Rae8 23. Bc1 exf4 24. gxf4 fxe4 25. Nxe4 Bf5 26. Nxc5 Qxc5+ 27. Qxc5
bxc5 28. Kf2 Bd3 29. Rxe8 Rxe8 30. Re1 Rxe1 31. Kxe1 Bxc4 32. a3 g6 33. Be4 Kg8
34. Kf2 Kf7 35. Kf3 Bg7 36. h4 Bf6 37. Kg3 Bc3 38. h5 Be1+ 39. Kg4 Be2+ 40. Kg5
Bxh5 41. Kh6 c4 42. Kxh7 c3 43. a4 Bd2 44. Ba3 Bxf4 45. a5 Kf6 46. Bc2 Ke5 47.
Bb3 Bf3 48. Kxg6 Bxd5 0-1

[Event "Malaga op-13"]
[Site "Malaga"]
[Date "2010.02.25"]
[Round "7.23"]
[White "Guadamuro Torrente, Anabel"]
[Black "Lara Granero, Bio"]
[Result "1-0"]
[WhiteElo "2118"]
[BlackElo "2026"]
[PlyCount "113"]
[EventDate "2010.02.20"]

1. e4 c5 2. Nf3 Nc6 3. d4 cxd4 4. Nxd4 e5 5. Nb5 Nf6 6. N1c3 h6 7. Nd6+ Bxd6 8.
Qxd6 Qe7 9. Qxe7+ Kxe7 10. a3 d6 11. Bd3 g5 12. h4 g4 13. Be3 Be6 14. O-O-O a6
15. Be2 b5 16. Nd5+ Bxd5 17. exd5 Na5 18. b3 Rag8 19. Kb2 Nd7 20. Bd3 Nb7 21.
b4 h5 22. Bf5 Rc8 23. f4 Rc4 24. Rhe1 f6 25. fxe5 dxe5 26. d6+ Ke8 27. Be6 Rc8
28. Rf1 Rd8 29. Bxd7+ Kxd7 30. Rxf6 Rdf8 31. Bg5 Rxf6 32. Bxf6 Re8 33. Be7 Rg8
34. Rd5 Ke6 35. Rd3 Rg6 36. a4 Kd7 37. axb5 axb5 38. Rd5 Re6 39. Rxb5 Nxd6 40.
Bxd6 Rxd6 41. Rxe5 Rd2 42. Rxh5 Rxg2 43. Rg5 g3 44. Kb3 Rg1 45. Kc4 g2 46. Kc5
Kd8 47. c4 Rh1 48. Rxg2 Rxh4 49. Rg7 Kc8 50. Kb5 Kb8 51. c5 Rh8 52. Kb6 Ka8 53.
Ra7+ Kb8 54. c6 Rh6 55. Rf7 Rh8 56. Rb7+ Ka8 57. Ra7+ 1-0

[Event "Malaga op-13"]
[Site "Malaga"]
[Date "2010.02.25"]
[Round "7.24"]
[White "James, David"]
[Black "Anaya Lopez, Gonzalo Javier"]
[Result "1-0"]
[WhiteElo "2110"]
[BlackElo "1872"]
[PlyCount "103"]
[EventDate "2010.02.20"]

1. Nf3 d5 2. d4 Nc6 3. c4 Bg4 4. Nc3 e6 5. cxd5 exd5 6. Bg5 Be7 7. Bxe7 Ngxe7
8. e3 Qd6 9. Be2 a6 10. O-O O-O 11. a3 Nd8 12. b4 Ne6 13. b5 c6 14. bxc6 bxc6
15. Qa4 f5 16. Rab1 c5 17. Rb7 cxd4 18. exd4 Nf4 19. Bd1 Rab8 20. Qd7 Qxd7 21.
Rxd7 Nc6 22. Ne5 Nxe5 23. dxe5 Bxd1 24. Rxd1 Rfd8 25. Rxd8+ Rxd8 26. g3 Ng6 27.
Nxd5 Kf7 28. f4 Ne7 29. Ne3 Rxd1+ 30. Nxd1 Ke6 31. Ne3 Nc6 32. Nc2 a5 33. Kf2
Kd5 34. Ne3+ Ke4 35. Nc4 g6 36. e6 Kd5 37. Nxa5 Ne7 38. Ke3 Kxe6 39. Kd4 h6 40.
Kc5 g5 41. Nc6 Ng6 42. Nd4+ Kf6 43. a4 gxf4 44. gxf4 Nxf4 45. a5 Nd3+ 46. Kb5
Ke5 47. Nxf5 Kxf5 48. a6 Ne5 49. a7 Nf3 50. a8=Q Nxh2 51. Qh1 Ng4 52. Qh5+ 1-0

[Event "Malaga op-13"]
[Site "Malaga"]
[Date "2010.02.25"]
[Round "7.26"]
[White "Charro Calvo, Jesus"]
[Black "Medina Menendez, Eduardo Matias"]
[Result "1-0"]
[WhiteElo "1729"]
[BlackElo "2109"]
[PlyCount "74"]
[EventDate "2010.02.20"]

1. e4 e5 2. Nf3 Nc6 3. Bb5 a6 4. Ba4 Nf6 5. O-O Be7 6. Re1 b5 7. Bb3 O-O 8. c3
d5 9. exd5 Nxd5 10. Nxe5 Nxe5 11. Rxe5 c6 12. d4 Bd6 13. Re1 Qh4 14. g3 Qh3 15.
Be3 Bg4 16. Qd3 f5 17. Qf1 Qh5 18. f4 Kh8 19. Nd2 Nxe3 20. Rxe3 g5 21. Re6 Rad8
22. Qf2 Rd7 23. Rae1 Bh3 24. Bd1 Bg4 25. Bb3 gxf4 26. gxf4 Rg7 27. R1e3 Bd1+
28. Rg3 Bxb3 29. axb3 Qd1+ 30. Kg2 Bb8 31. Qe3 Rg4 32. Re8 Rxe8 33. Qxe8+ Kg7
34. Qe7+ Kg8 35. Qe8+ Kg7 36. Qxb8 Qxd2+ 37. Kh3 Qf2 1-0

[Event "Malaga op-13"]
[Site "Malaga"]
[Date "2010.02.25"]
[Round "7.27"]
[White "Fournier, Manuel"]
[Black "Cardoso Garcia, Sergio"]
[Result "0-1"]
[WhiteElo "1935"]
[BlackElo "2125"]
[PlyCount "74"]
[EventDate "2010.02.20"]

1. e4 Nf6 2. e5 Nd5 3. d4 d6 4. c4 Nb6 5. f4 dxe5 6. fxe5 Nc6 7. Be3 Bf5 8. Nf3
e6 9. Be2 Bg4 10. O-O h6 11. Nc3 Qd7 12. c5 Nd5 13. Nxd5 Qxd5 14. Bb5 O-O-O 15.
Bxc6 Qxc6 16. b4 Qe4 17. Qb3 Bh5 18. Nd2 Qd5 19. Qa4 Kb8 20. b5 Be7 21. Nb3 f5
22. c6 Be2 23. Rfc1 Bxb5 24. Qa5 b6 25. Qc3 Bg5 26. Bxg5 hxg5 27. a4 Be2 28.
Rc2 Ba6 29. a5 b5 30. Nc5 Bc8 31. Nb3 a6 32. Rd1 Rh4 33. g3 Rh3 34. Nc5 Rdh8
35. Rb1 f4 36. Rcb2 Rxg3+ 37. hxg3 Qh1+ 0-1

[Event "Malaga op-13"]
[Site "Malaga"]
[Date "2010.02.25"]
[Round "7.28"]
[White "Penalonga Sweers, Angel"]
[Black "Escofet Llongueras, Joan"]
[Result "1-0"]
[WhiteElo "2082"]
[BlackElo "1868"]
[PlyCount "43"]
[EventDate "2010.02.20"]

1. e4 e6 2. d4 d5 3. e5 c5 4. c3 Nc6 5. Nf3 Qb6 6. a3 Bd7 7. b4 cxd4 8. cxd4
Rc8 9. Be3 f5 10. Bd3 a6 11. O-O Na7 12. Re1 Bb5 13. Bc2 Qc7 14. Ra2 Bc4 15.
Rb2 b5 16. g4 g6 17. gxf5 gxf5 18. Ng5 Qg7 19. Kh1 Kd7 20. Rg1 Qg6 21. Qf3 h6
22. Nxe6 1-0

[Event "Malaga op-13"]
[Site "Malaga"]
[Date "2010.02.25"]
[Round "7.30"]
[White "Garzon Rodriguez, Jose Manuel"]
[Black "Ortega Valle, Jose Ramon"]
[Result "0-1"]
[WhiteElo "1909"]
[BlackElo "2054"]
[PlyCount "44"]
[EventDate "2010.02.20"]

1. e4 c5 2. Nf3 d6 3. d4 cxd4 4. Nxd4 Nf6 5. Bd3 Nc6 6. Nxc6 bxc6 7. O-O g6 8.
b3 Bg7 9. Bb2 O-O 10. Qe2 e5 11. Nd2 Nh5 12. g3 Bh3 13. Rfe1 f5 14. f3 Qg5 15.
Kh1 d5 16. Bc1 Qf6 17. Ba3 Rf7 18. Bc5 Bh6 19. Bg1 fxe4 20. fxe4 Bxd2 21. Rf1
Bxf1 22. Rxf1 Qxf1 0-1

[Event "Malaga op-13"]
[Site "Malaga"]
[Date "2010.02.25"]
[Round "7.31"]
[White "Ramos Guaz, Jose Manuel"]
[Black "Garcia Albarracin, Jose Antonio"]
[Result "1/2-1/2"]
[WhiteElo "1873"]
[BlackElo "2006"]
[PlyCount "29"]
[EventDate "2010.02.20"]

1. d4 d5 2. c4 c6 3. cxd5 cxd5 4. Nc3 Nc6 5. Nf3 Nf6 6. Bf4 a6 7. Qc2 g6 8. Rc1
Bg7 9. e3 O-O 10. a3 Nh5 11. Bg5 Bf5 12. Bd3 Bxd3 13. Qxd3 h6 14. Bh4 Rc8 15.
b4 1/2-1/2

[Event "Malaga op-13"]
[Site "Malaga"]
[Date "2010.02.25"]
[Round "7.32"]
[White "Ortega Gonzalez, Jose Luis"]
[Black "Garcia Roman, Jose Luis Machado"]
[Result "1-0"]
[WhiteElo "1905"]
[BlackElo "2003"]
[PlyCount "153"]
[EventDate "2010.02.20"]

1. e4 c5 2. Nf3 Nc6 3. d4 cxd4 4. Nxd4 Qb6 5. Nxc6 bxc6 6. c4 e5 7. Nc3 Bc5 8.
Qf3 Nf6 9. Be2 d6 10. h3 Be6 11. O-O Bd4 12. Rb1 Bxc3 13. Qxc3 Nxe4 14. Qd3 Qd4
15. Qf3 Bxc4 16. Rd1 Bxe2 17. Qxe2 Ng3 18. Qe1 Qe4 19. Qxe4 Nxe4 20. f3 Ng3 21.
Rxd6 Ne2+ 22. Kf2 Nd4 23. Bd2 Rd8 24. Rxd8+ Kxd8 25. Rc1 Kc7 26. Rc5 f6 27. Ra5
Kb7 28. Bb4 Rd8 29. Bc5 a6 30. Ra3 Rd5 31. Bf8 Ne6 32. Bb4 c5 33. Bc3 Nd4 34.
Ba5 c4 35. Ra4 Nc6 36. Bc3 Rc5 37. Ke3 Kb6 38. Ke4 Kb5 39. Ra3 g6 40. g4 a5 41.
Be1 a4 42. Bf2 Nd4 43. Bxd4 exd4 44. Kxd4 Re5 45. Rc3 Re1 46. a3 Rd1+ 47. Ke3
Kc5 48. Rc2 Kd5 49. Rh2 g5 50. Rd2+ Rxd2 51. Kxd2 Kd4 52. Kc2 Ke3 53. Kc3 Kxf3
54. Kxc4 Kg3 55. b4 axb3 56. Kxb3 Kxh3 57. a4 Kxg4 58. a5 f5 59. a6 f4 60. a7
f3 61. a8=Q Kg3 62. Qa7 f2 63. Qc7+ Kg2 64. Qc6+ Kg1 65. Qc5 g4 66. Kc3 Kg2 67.
Qd5+ Kg1 68. Qd4 g3 69. Kd2 h5 70. Ke2 h4 71. Qa1+ Kh2 72. Qf1 h3 73. Ke3 g2
74. Qxf2 Kh1 75. Qf3 h2 76. Qd5 Kg1 77. Qd1# 1-0

[Event "Malaga op-13"]
[Site "Malaga"]
[Date "2010.02.25"]
[Round "7.33"]
[White "Jurado Vazquez, Javier"]
[Black "Jimenez Ruiz, Jose Carlos"]
[Result "1/2-1/2"]
[WhiteElo "1850"]
[BlackElo "1979"]
[PlyCount "109"]
[EventDate "2010.02.20"]

1. e4 g6 2. d4 Bg7 3. Nc3 c6 4. Bg5 d5 5. Qd2 dxe4 6. O-O-O Nf6 7. Bh6 O-O 8.
Be2 Bg4 9. Bxg4 Nxg4 10. Bxg7 Kxg7 11. Nxe4 Nd7 12. h4 h5 13. f3 Ngf6 14. Ne2
Nxe4 15. fxe4 Nf6 16. Ng3 Qd7 17. Qg5 Kh7 18. e5 Ng4 19. Ne4 f6 20. exf6 exf6
21. Qd2 Rfe8 22. Rhe1 Qd5 23. Qb4 Qxa2 24. Qxb7+ Kh6 25. Nc3 Qa1+ 26. Kd2 Qa5
27. Rxe8 Rxe8 28. Qxc6 Rd8 29. Kc1 Qa1+ 30. Nb1 Rb8 31. b3 Rd8 32. Qc3 Qa6 33.
Qd2+ g5 34. c4 Qb7 35. Kc2 Qe4+ 36. Kb2 Ne3 37. Re1 Re8 38. Nc3 Nxc4+ 39. bxc4
Qxe1 40. hxg5+ fxg5 41. Qxe1 Rxe1 42. d5 Kg6 43. c5 Kf6 44. c6 Ke7 45. Nb5 Rd1
46. c7 Kd7 47. d6 Rd5 48. Nxa7 Rc5 49. Kb3 h4 50. Kb4 Rc1 51. Kb5 Rxc7 52. dxc7
Kxc7 53. Nc6 g4 54. Ne5 h3 55. gxh3 1/2-1/2

[Event "Malaga op-13"]
[Site "Malaga"]
[Date "2010.02.25"]
[Round "7.34"]
[White "Borrego Gil, Diego"]
[Black "Diaz Begonte, Manuel"]
[Result "1-0"]
[WhiteElo "1966"]
[BlackElo "1820"]
[PlyCount "142"]
[EventDate "2010.02.20"]

1. d4 d5 2. c4 c6 3. Nc3 dxc4 4. a4 Nf6 5. e3 Bf5 6. Bxc4 e6 7. Nf3 Be7 8. Bd3
Bg4 9. Bd2 Nbd7 10. Be2 O-O 11. O-O Re8 12. Rc1 Bb4 13. Ne4 Qe7 14. Nxf6+ Nxf6
15. Ne5 Bxe2 16. Qxe2 Rad8 17. Bxb4 Qxb4 18. Qc2 Rd5 19. Nd3 Qe7 20. Nc5 e5 21.
dxe5 Rxe5 22. Rfd1 Rd5 23. Rxd5 Nxd5 24. Rd1 h6 25. e4 Nf6 26. f3 b6 27. Nb3 c5
28. Qd2 Qc7 29. Nc1 Kf8 30. Ne2 Ke7 31. Nc3 Rd8 32. Qxd8+ Qxd8 33. Rxd8 Kxd8
34. Nb5 a6 35. Nd6 Nd7 36. Nf5 c4 37. Nd6 Nc5 38. Nxc4 Nxa4 39. b3 Nc5 40. b4
Nd3 41. Nxb6 Nxb4 42. Kf2 a5 43. Ke3 Kc7 44. Nc4 a4 45. Kd2 f6 46. Kc3 Nc6 47.
Kb2 Nd4 48. Ka3 Nc2+ 49. Kxa4 Ne1 50. Ne3 Kd6 51. Kb4 Ke5 52. Kc3 Kf4 53. Nd5+
Kg5 54. Ne3 Kf4 55. Nd5+ Kg5 56. f4+ Kg4 57. h3+ Kh5 58. Ne3 g5 59. f5 g4 60.
hxg4+ Kg5 61. Kd2 Nxg2 62. Nxg2 Kxg4 63. Ke3 h5 64. Nh4 Kg5 65. Kf3 Kxh4 66.
Kf4 Kh3 67. e5 fxe5+ 68. Kxe5 h4 69. f6 Kg3 70. f7 h3 71. f8=Q h2 1-0

[Event "Malaga op-13"]
[Site "Malaga"]
[Date "2010.02.25"]
[Round "7.35"]
[White "Sierra Garcia, Manuel"]
[Black "Navia Martin, Sergio"]
[Result "0-1"]
[WhiteElo "1753"]
[BlackElo "1953"]
[PlyCount "26"]
[EventDate "2010.02.20"]

1. e4 c5 2. Nf3 d6 3. d4 cxd4 4. Nxd4 Nf6 5. Nc3 a6 6. Be3 Ng4 7. Bg5 h6 8. Bh4
g5 9. Bg3 Bg7 10. Be2 Ne5 11. Qd2 Nbc6 12. f3 Nxd4 13. Qxd4 Nxf3+ 0-1